Tao-teh-king (Record no. 89504)

MARC details
000 -LEADER
campo de control de longitud fija 00630nam a2200217 i 4500
001 - NÚMERO DE CONTROL
campo de control 89504
003 - IDENTIFICADOR DE NÚMERO DE CONTROL
campo de control ES-MaACL
005 - FECHA Y HORA DE LA ÚLTIMA TRANSACCIÓN
campo de control 20250805063248.0
007 - CAMPO FIJO DE DESCRIPCIÓN FÍSICA--INFORMACIÓN GENERAL
campo de control de longitud fija t|
008 - DATOS DE LONGITUD FIJA--INFORMACIÓN GENERAL
campo de control de longitud fija 050111s1952 sp f ||||1| spa d
080 ## - NÚMERO DE LA CLASIFICACIÓN DECIMAL UNIVERSAL
Número de la Clasificación Decimal Universal 299.5
100 0# - ENTRADA PRINCIPAL--NOMBRE DE PERSONA
Nombre de persona Laozi
9 (RLIN) 241542
245 10 - MENCIÓN DEL TÍTULO
Título Tao-teh-king
Resto del título = (El libro del camino recto) /
Mención de responsabilidad, etc. Lao-Tse ; [traducción, C. Serra].
260 ## - PUBLICACIÓN, DISTRIBUCIÓN, ETC.
Lugar de publicación, distribución, etc. Palma de Mallorca :
Nombre del editor, distribuidor, etc. Clumba,
Fecha de publicación, distribución, etc. 1952 (
Fabricante Soler)
300 ## - DESCRIPCIÓN FÍSICA
Extensión 97 p., 4 lám. ;
Dimensiones 13 cm.
650 04 - PUNTO DE ACCESO ADICIONAL DE MATERIA--TÉRMINO DE MATERIA
Término de materia o nombre geográfico como elemento de entrada Taoísmo.
9 (RLIN) 17283
700 1# - ENTRADA AGREGADA--NOMBRE PERSONAL
Nombre de persona Serra, C.
9 (RLIN) 105601
740 3# - ENTRADA AGREGADA--TÍTULO RELACIONADO/ANALÍTICO NO CONTROLADO
Título relacionado o analítico no controlado El libro del camino recto.
852 ## - LOCALIZACIÓN
Ubicación ES-MaACL
Número de control de estantería D-8522
Holdings
Estatus retirado Estado de pérdida Estado de daño No para préstamo Biblioteca de origen Biblioteca actual Ubicación en estantería Fecha de adquisición Fuente de adquisición Total de préstamos Signatura topográfica completa Código de barras Visto por última vez Precio de reemplazo Tipo de ítem Koha
        Biblioteca del Ateneo de Madrid Biblioteca del Ateneo de Madrid Sala Valle Inclán 17/01/2008     D-8522 901093476 23/02/2023 23/02/2023 Libro impreso